[Event "Wch U18 Girls"]
[Site "Montesilvano"]
[Date "2023.11.24"]
[Round "11"]
[White "Gasimova, Samra"]
[Black "Margadgua, Erdenebayar"]
[Result "1/2-1/2"]
[WhiteElo "1860"]
[BlackElo "2013"]
[PlyCount "80"]
[EventDate "2023.11.13"]
[EventType "swiss"]
[EventRounds "11"]
[EventCountry "ITA"]
[SourceTitle "CB48_2023"]
[SourceDate "2023.11.29"]
[SourceVersion "1"]
[SourceVersionDate "2023.11.29"]
[SourceQuality "1"]

1. d4 d5 2. Nc3 Nf6 3. Bf4 e6 4. Nb5 Na6 5. e3 c6 6. Nc3 Nc7 7. Nf3 Be7 8. Ne5 0-0 9. Bd3 Nce8 10. Qf3 Nd7 11. Qh3 g6 12. Ne2 Nxe5 13. dxe5 c5 14. c3 f6 15. g4 fxe5 16. Bxe5 Bf6 17. Bxf6 Qxf6 18. Qg2 Qh4 19. g5 Nd6 20. Nf4 Bd7 21. Qg3 Qxg3 22. hxg3 Nf7 23. Nh3 Ne5 24. Be2 Bc6 25. f4 d4 26. fxe5 Bxh1 27. exd4 cxd4 28. cxd4 Rfd8 29. Kf2 Bd5 30. Nf4 Rac8 31. Bg4 Kf7 32. Ke3 Rc4 33. Rf1 Ke7 34. Rf2 Rb4 35. Rh2 Rh8 36. b3 Kf7 37. Rf2 Ke7 38. Rh2 Kf7 39. Rf2 Ke7 40. Rh2 Kf7 1/2-1/2

[Event "Wch U18 Girls"]
[Site "Montesilvano"]
[Date "2023.11.15"]
[Round "3"]
[White "Striskova, Lucia"]
[Black "Margadgua, Erdenebayar"]
[Result "1/2-1/2"]
[WhiteElo "2039"]
[BlackElo "2013"]
[PlyCount "123"]
[EventDate "2023.11.13"]
[EventType "swiss"]
[EventRounds "11"]
[EventCountry "ITA"]
[SourceTitle "CB48_2023"]
[SourceDate "2023.11.29"]
[SourceVersion "1"]
[SourceVersionDate "2023.11.29"]
[SourceQuality "1"]

1. e4 c5 2. Nf3 d6 3. d4 cxd4 4. Nxd4 Nf6 5. Nc3 a6 6. Be3 e5 7. Nb3 Be6 8. f4 Ng4 9. Bd2 exf4 10. Bxf4 Nd7 11. Qd2 Nge5 12. h3 Be7 13. 0-0-0 0-0 14. g4 Rc8 15. Kb1 Bc4 16. Nd5 Bxd5 17. exd5 Qc7 18. Qg2 Ng6 19. Bc1 Bf6 20. g5 Be5 21. Bd3 Nb6 22. h4 Ne7 23. Be4 f5 24. gxf6 Rxf6 25. h5 Rcf8 26. Nd4 Rf2 27. Qh3 Na4 28. Qd3 Nc5 29. Qe3 Nxe4 30. Qxe4 Qc4 31. Rhg1 R2f4 32. Bxf4 Rxf4 33. Qg2 Rxd4 34. Qg5 Rxd1+ 35. Rxd1 Qb4 36. Qc1 Nf5 37. c3 Qe4+ 38. Ka1 Ne3 39. Rg1 Nxd5 40. Qg5 Bf6 41. Qg3 Qe5 42. Qg4 Nb6 43. a3 Kf7 44. Rd1 d5 45. Qb4 Qc7 46. Qg4 Qc6 47. Qf5 h6 48. Qg6+ Kf8 49. Qf5 Nc4 50. Rxd5 Ne3 51. Rd8+ Ke7 52. Qd3 Nc4 53. Rd5 Nd6 54. Qe3+ Kd7 55. Rc5 Qb6 56. Qh3+ Ke7 57. Rd5 Qg1+ 58. Ka2 Qe1 59. Qd3 Qe6 60. Ka1 b5 61. Rc5 Qe1+ 62. Ka2 1/2-1/2

[Event "Wch U18 Girls"]
[Site "Montesilvano"]
[Date "2023.11.13"]
[Round "1"]
[White "Ivanovic, Tara"]
[Black "Margadgua, Erdenebayar"]
[Result "1/2-1/2"]
[WhiteElo "1575"]
[BlackElo "2013"]
[PlyCount "90"]
[EventDate "2023.11.13"]
[EventType "swiss"]
[EventRounds "11"]
[EventCountry "ITA"]
[SourceTitle "CB48_2023"]
[SourceDate "2023.11.29"]
[SourceVersion "1"]
[SourceVersionDate "2023.11.29"]
[SourceQuality "1"]

1. e4 c5 2. Nf3 d6 3. d4 cxd4 4. Nxd4 Nf6 5. Nc3 a6 6. Be2 e5 7. Nf5 h6 8. Ne3 Be6 9. 0-0 Be7 10. f3 0-0 11. Ned5 Bxd5 12. Nxd5 Nxd5 13. Qxd5 Nc6 14. Be3 Bg5 15. Bxg5 Qxg5 16. Kh1 Rad8 17. Rfd1 Nd4 18. Bd3 Rd7 19. c3 Ne6 20. g3 Rc8 21. Bc2 Rc5 22. Qd2 Qd8 23. Bb3 Nc7 24. Qe3 b6 25. Rd2 Kh8 26. Rad1 Qf8 27. Kg2 g6 28. Ba4 b5 29. Bb3 Rc6 30. Bd5 Nxd5 31. Rxd5 Rdc7 32. Qd2 b4 33. Rxd6 bxc3 34. Rd8 cxd2 35. Rxf8+ Kg7 36. Rd8 Rc2 37. R8xd2 Kf6 38. Kf2 Ke7 39. Ke3 f6 40. Rxc2 Rxc2 41. Rd2 Rc1 42. b3 Rc3+ 43. Kf2 Ke6 44. h4 h5 45. Rb2 Kd6 1/2-1/2

[Event "Hoogeveen op 26th"]
[Site "Hoogeveen"]
[Date "2023.10.28"]
[Round "9"]
[White "Margadgua, Erdenebayar"]
[Black "Fehr, Axel"]
[Result "1/2-1/2"]
[WhiteElo "1848"]
[BlackElo "2011"]
[PlyCount "81"]
[EventDate "2023.10.21"]
[EventType "swiss"]
[EventRounds "9"]
[EventCountry "NED"]
[SourceTitle "Mega2024 Update 01"]
[Source "Chessbase"]
[SourceDate "2023.11.12"]
[SourceVersion "1"]
[SourceVersionDate "2023.11.12"]
[SourceQuality "1"]

1. e4 c5 2. Nc3 e6 3. f4 d5 4. Nf3 Nc6 5. Bb5 Nge7 6. exd5 exd5 7. Qe2 Qd6 8. Ne5 Be6 9. 0-0 g6 10. Bxc6+ bxc6 11. Qa6 Bc8 12. Qe2 Bg7 13. d3 0-0 14. Qf2 Nf5 15. Na4 f6 16. Nf3 d4 17. Nd2 Ne3 18. Ne4 Qe7 19. Bxe3 dxe3 20. Qxe3 f5 21. Qxc5 Qd7 22. Qc4+ Kh8 23. Ng5 h6 24. Nf3 Qd6 25. Rae1 Rb8 26. c3 c5 27. Nxc5 Rxb2 28. Rf2 Qb6 29. Rxb2 Qxb2 30. d4 Qb6 31. h3 Qd6 32. Ne5 Kh7 33. Re3 g5 34. fxg5 hxg5 35. Nf3 Qf4 36. Re7 g4 37. Nd3 Qh6 38. hxg4 fxg4 39. Nfe5 Qe3+ 40. Kh2 Qh6+ 41. Kg3 1/2-1/2

[Event "Hoogeveen op 26th"]
[Site "Hoogeveen"]
[Date "2023.10.23"]
[Round "3"]
[White "Margadgua, Erdenebayar"]
[Black "Van Kooten, Luuk"]
[Result "1-0"]
[WhiteElo "1848"]
[BlackElo "2255"]
[PlyCount "51"]
[EventDate "2023.10.21"]
[EventType "swiss"]
[EventRounds "9"]
[EventCountry "NED"]
[SourceTitle "Mega2024 Update 01"]
[Source "Chessbase"]
[SourceDate "2023.11.12"]
[SourceVersion "1"]
[SourceVersionDate "2023.11.12"]
[SourceQuality "1"]

1. e4 g6 2. Nc3 Bg7 3. d4 d6 4. Nf3 a6 5. a4 b6 6. Bc4 e6 7. 0-0 Nd7 8. Ng5 h6 9. Nxf7 Kxf7 10. e5 Rb8 11. Qf3+ Ke7 12. exd6+ cxd6 13. Re1 Ndf6 14. Bxe6 Bxe6 15. d5 Nxd5 16. Nxd5+ Kd7 17. Bf4 Bxd5 18. Qxd5 Qf6 19. Bxd6 Qxd6 20. Qf7+ Kc6 21. Qxg7 Nf6 22. Rad1 Nd5 23. c4 Rhe8 24. cxd5+ Qxd5 25. Qf6+ Kb7 26. Re7+ 1-0

[Event "Arco op 45th"]
[Site "Arco"]
[Date "2023.10.14"]
[Round "8"]
[White "De Santis, Alessio"]
[Black "Margadgua, Erdenebayar"]
[Result "1-0"]
[WhiteElo "2181"]
[BlackElo "1848"]
[PlyCount "71"]
[EventDate "2023.10.07"]
[EventType "swiss"]
[EventRounds "9"]
[EventCountry "ITA"]
[SourceTitle "Mega2024 Update 01"]
[Source "Chessbase"]
[SourceDate "2023.11.12"]
[SourceVersion "1"]
[SourceVersionDate "2023.11.12"]
[SourceQuality "1"]

1. d4 Nf6 2. c4 c5 3. d5 b5 4. cxb5 e6 5. Nc3 exd5 6. Nxd5 Bb7 7. Nxf6+ Qxf6 8. Nf3 d5 9. e3 Bd6 10. Be2 0-0 11. a4 Nd7 12. a5 Rab8 13. Ra4 Rfe8 14. 0-0 Re6 15. b3 Rbe8 16. Rh4 Nf8 17. Bd3 Ng6 18. Rh5 h6 19. Rf5 Qe7 20. a6 Ba8 21. Bb2 Qc7 22. Rh5 d4 23. exd4 Nf4 24. Rh4 Qe7 25. Rg4 h5 26. Rxf4 Bxf4 27. g3 Bc7 28. h4 cxd4 29. Ng5 Re1 30. Qxh5 Rxf1+ 31. Bxf1 Qf6 32. Bxd4 Be5 33. Bxe5 Qxe5 34. Qxf7+ Kh8 35. Qh5+ Kg8 36. Bc4+ 1-0

[Event "Arco op 45th"]
[Site "Arco"]
[Date "2023.10.13"]
[Round "7"]
[White "Margadgua, Erdenebayar"]
[Black "Erne, Raphael"]
[Result "1-0"]
[WhiteElo "1848"]
[BlackElo "2081"]
[PlyCount "85"]
[EventDate "2023.10.07"]
[EventType "swiss"]
[EventRounds "9"]
[EventCountry "ITA"]
[SourceTitle "Mega2024 Update 01"]
[Source "Chessbase"]
[SourceDate "2023.11.12"]
[SourceVersion "1"]
[SourceVersionDate "2023.11.12"]
[SourceQuality "1"]

1. e4 c6 2. d4 d5 3. Nd2 dxe4 4. Nxe4 Bf5 5. Ng3 Bg6 6. h4 h6 7. Nh3 Nf6 8. Nf4 Bh7 9. Bc4 e6 10. 0-0 Nd5 11. Bxd5 cxd5 12. Qh5 g6 13. Qe5 Rg8 14. c4 Nd7 15. Qe2 Nf6 16. cxd5 Nxd5 17. Qb5+ Qd7 18. Nxd5 exd5 19. Re1+ Kd8 20. Qb3 Bg7 21. Bf4 Re8 22. Rec1 Rc8 23. Rxc8+ Qxc8 24. Rc1 Qd7 25. Rc7 Qxc7 26. Bxc7+ Kxc7 27. Qxd5 Re7 28. Qc5+ Kd8 29. Qxa7 Rd7 30. d5 f5 31. d6 Ke8 32. Qe3+ Kd8 33. Qb6+ Ke8 34. Qb5 Kd8 35. h5 g5 36. Nxf5 Bxf5 37. Qxf5 Rxd6 38. Qa5+ Kd7 39. Qb5+ Kc7 40. Qc4+ Kb6 41. b4 Rd1+ 42. Kh2 Be5+ 43. g3 1-0

[Event "Arco op 45th"]
[Site "Arco"]
[Date "2023.10.12"]
[Round "6"]
[White "Engelhart, Achim"]
[Black "Margadgua, Erdenebayar"]
[Result "1/2-1/2"]
[WhiteElo "2081"]
[BlackElo "1848"]
[PlyCount "33"]
[EventDate "2023.10.07"]
[EventType "swiss"]
[EventRounds "9"]
[EventCountry "ITA"]
[SourceTitle "Mega2024 Update 01"]
[Source "Chessbase"]
[SourceDate "2023.11.12"]
[SourceVersion "1"]
[SourceVersionDate "2023.11.12"]
[SourceQuality "1"]

1. e4 c5 2. Nf3 a6 3. c3 d5 4. exd5 Qxd5 5. d4 Nf6 6. Be3 cxd4 7. cxd4 e6 8. Nc3 Qd6 9. Bd3 Be7 10. 0-0 0-0 11. Qc2 g6 12. Rad1 Nc6 13. a3 Rd8 14. Rfe1 Bd7 15. Qe2 Rac8 16. h3 Be8 17. Qd2 1/2-1/2

[Event "Isola del Sole op"]
[Site "Grado"]
[Date "2023.09.27"]
[Round "6"]
[White "Margadgua, Erdenebayar"]
[Black "Boshoma, Chisomo"]
[Result "1-0"]
[WhiteElo "1848"]
[BlackElo "1711"]
[PlyCount "59"]
[EventDate "2023.09.23"]
[EventType "swiss"]
[EventRounds "9"]
[EventCountry "ITA"]
[SourceTitle "EXT 2024"]
[Source "ChessBase"]
[SourceDate "2023.10.10"]
[SourceVersion "1"]
[SourceVersionDate "2023.10.10"]
[SourceQuality "1"]

1. e4 e6 2. d4 d5 3. Bd3 c5 4. exd5 Qxd5 5. Nc3 Qd8 6. Nf3 Nf6 7. 0-0 Nc6 8. dxc5 Bxc5 9. Bg5 Be7 10. Qe2 0-0 11. Rad1 Qb6 12. b3 Qa5 13. Bd2 Bb4 14. Ne4 Nd7 15. c3 Be7 16. Neg5 Nf6 17. Bb1 h6 18. Ne4 Nh7 19. Ng3 Rd8 20. c4 Qc7 21. Bc3 Bd7 22. Nh5 g6 23. Qe3 Bf8 24. Nf6+ Nxf6 25. Bxf6 Re8 26. Ne5 Nxe5 27. Bxe5 Qd8 28. Qf3 Qc8 29. Qf6 Be7 30. Qh8# 1-0

[Event "Isola del Sole op"]
[Site "Grado"]
[Date "2023.09.25"]
[Round "4"]
[White "Margadgua, Erdenebayar"]
[Black "Steadman, Michael VR"]
[Result "1/2-1/2"]
[WhiteElo "1848"]
[BlackElo "2104"]
[PlyCount "36"]
[EventDate "2023.09.23"]
[EventType "swiss"]
[EventRounds "9"]
[EventCountry "ITA"]
[SourceTitle "EXT 2024"]
[Source "ChessBase"]
[SourceDate "2023.10.10"]
[SourceVersion "1"]
[SourceVersionDate "2023.10.10"]
[SourceQuality "1"]

1. e4 d5 2. exd5 Qxd5 3. Nc3 Qd6 4. d4 Nf6 5. Nf3 a6 6. Ne5 Nc6 7. Nxc6 Qxc6 8. Bg5 Bg4 9. f3 Bf5 10. Bd3 Qe6+ 11. Qe2 0-0-0 12. 0-0-0 h6 13. Qxe6+ Bxe6 14. Be3 g6 15. Rhe1 Bg7 16. Bf2 g5 17. Ne4 Nxe4 18. Bxe4 c6 1/2-1/2

[Event "Eastern Asia-ch U16-18 Girls 7th"]
[Site "Hainan"]
[Date "2023.08.10"]
[Round "9"]
[White "Margadgua, Erdenebayar"]
[Black "Liuviann, Cecilia Natalie"]
[Result "1-0"]
[WhiteElo "1782"]
[BlackElo "1841"]
[PlyCount "57"]
[EventDate "2023.08.04"]
[EventType "swiss"]
[EventRounds "9"]
[EventCountry "CHN"]
[SourceTitle "EXT 2024"]
[Source "ChessBase"]
[SourceDate "2023.10.10"]
[SourceVersion "1"]
[SourceVersionDate "2023.10.10"]
[SourceQuality "1"]

1. e4 c5 2. d3 Nc6 3. g3 g6 4. Bg2 Bg7 5. f4 e6 6. Nf3 Nge7 7. 0-0 0-0 8. c3 Rb8 9. Be3 d6 10. Nbd2 b5 11. g4 f5 12. gxf5 gxf5 13. Kh1 Qe8 14. Rg1 Rf6 15. Nf1 c4 16. Ng3 e5 17. exf5 Nxf5 18. Nxf5 Bxf5 19. dxc4 Be4 20. fxe5 Rg6 21. Ng5 Bxg2+ 22. Rxg2 Nxe5 23. Qd5+ Kh8 24. Bd4 bxc4 25. Re1 Qb5 26. Nf7+ Nxf7 27. Qxb5 Rg8 28. Rxg6 hxg6 29. Re8 1-0

[Event "Eastern Asia-ch U16-18 Girls 7th"]
[Site "Hainan"]
[Date "2023.08.09"]
[Round "7"]
[White "Margadgua, Erdenebayar"]
[Black "Latifah, Laysa"]
[Result "1-0"]
[WhiteElo "1782"]
[BlackElo "2084"]
[PlyCount "99"]
[EventDate "2023.08.04"]
[EventType "swiss"]
[EventRounds "9"]
[EventCountry "CHN"]
[SourceTitle "EXT 2024"]
[Source "ChessBase"]
[SourceDate "2023.10.10"]
[SourceVersion "1"]
[SourceVersionDate "2023.10.10"]
[SourceQuality "1"]

1. e4 c6 2. Ne2 d5 3. e5 c5 4. d4 Nc6 5. c3 e6 6. Nd2 Qb6 7. Nf3 cxd4 8. cxd4 Bb4+ 9. Bd2 Nge7 10. Bxb4 Qxb4+ 11. Qd2 Bd7 12. Qxb4 Nxb4 13. Kd2 0-0 14. Nc3 a6 15. Be2 Nbc6 16. Bd3 f6 17. exf6 Rxf6 18. Rae1 h6 19. Na4 Raf8 20. Nc5 Bc8 21. a3 Ng6 22. Bxg6 Rxg6 23. Rhg1 Rgf6 24. Re3 g5 25. h3 h5 26. Nd3 Rf5 27. Kc3 b6 28. Rge1 Bd7 29. Nfe5 Nxe5 30. Rxe5 Rc8+ 31. Kd2 Kf7 32. Rxf5+ exf5 33. Ne5+ Ke7 34. Nxd7+ Kxd7 35. Re5 Rf8 36. Rxd5+ Ke6 37. Re5+ Kd6 38. Ke2 h4 39. Ke3 Rf7 40. b4 Re7 41. Rxe7 Kxe7 42. d5 Kd7 43. Kd4 Kd6 44. a4 g4 45. f3 gxh3 46. gxh3 f4 47. Ke4 a5 48. bxa5 bxa5 49. Kd4 Kd7 50. Ke5 1-0

[Event "Eastern Asia-ch U16-18 Girls 7th"]
[Site "Hainan"]
[Date "2023.08.09"]
[Round "8"]
[White "Vu, Bui Thi Thanh Van"]
[Black "Margadgua, Erdenebayar"]
[Result "1/2-1/2"]
[WhiteElo "1876"]
[BlackElo "1782"]
[PlyCount "108"]
[EventDate "2023.08.04"]
[EventType "swiss"]
[EventRounds "9"]
[EventCountry "CHN"]
[SourceTitle "EXT 2024"]
[Source "ChessBase"]
[SourceDate "2023.10.10"]
[SourceVersion "1"]
[SourceVersionDate "2023.10.10"]
[SourceQuality "1"]

1. d4 Nf6 2. Nf3 d5 3. e3 c5 4. c3 Nc6 5. Nbd2 Bg4 6. h3 Bh5 7. Bd3 e6 8. 0-0 Bd6 9. dxc5 Bxc5 10. Qe2 0-0 11. e4 Ne5 12. Bc2 dxe4 13. Bxe4 Nxe4 14. Qxe4 Nd3 15. Qe2 Qd5 16. c4 Qf5 17. Qe4 Bxf3 18. Qxf3 Qxf3 19. Nxf3 Rad8 20. a3 a5 21. Bd2 Nxb2 22. Bxa5 b6 23. Bc3 Nxc4 24. a4 Ra8 25. Rfc1 Na5 26. Rcb1 Nc6 27. Rb5 Ra6 28. Nd2 Rfa8 29. Nc4 h6 30. Rab1 Rxa4 31. Nxb6 Bxb6 32. Rxb6 Nd4 33. R1b2 Rc4 34. Bd2 Nf5 35. g3 Rc7 36. Bf4 Rd7 37. Rb8+ Rxb8 38. Rxb8+ Kh7 39. Re8 Re7 40. Rxe7 Nxe7 41. Bd6 Nd5 42. Kg2 Kg6 43. Kf3 Kf6 44. Ke4 Ne7 45. Bc7 h5 46. Bd8 e5 47. Bxe7+ Kxe7 48. Kxe5 f6+ 49. Kf5 Kf7 50. h4 g6+ 51. Kf4 Ke6 52. Ke4 g5 53. hxg5 fxg5 54. f4 gxf4 1/2-1/2

[Event "Eastern Asia-ch U16-18 Girls 7th"]
[Site "Hainan"]
[Date "2023.08.06"]
[Round "5"]
[White "Nguyen, Thi Khanh Van"]
[Black "Margadgua, Erdenebayar"]
[Result "0-1"]
[WhiteElo "1710"]
[BlackElo "1782"]
[PlyCount "60"]
[EventDate "2023.08.04"]
[EventType "swiss"]
[EventRounds "9"]
[EventCountry "CHN"]
[SourceTitle "EXT 2024"]
[Source "ChessBase"]
[SourceDate "2023.10.10"]
[SourceVersion "1"]
[SourceVersionDate "2023.10.10"]
[SourceQuality "1"]

1. d4 Nf6 2. Nf3 d5 3. e3 c6 4. Bd3 Bg4 5. Nbd2 Nbd7 6. c4 e6 7. Qc2 Bd6 8. 0-0 0-0 9. c5 Bc7 10. Ng5 h6 11. Nh7 Nxh7 12. Bxh7+ Kh8 13. f3 Qh4 14. f4 f5 15. Bg6 Rf6 16. h3 Bxh3 17. Nf3 Qg4 18. Bh5 Qxh5 19. gxh3 Qxh3 20. Kf2 Rg6 21. Ke1 Nf6 22. Bd2 Ne4 23. Ng1 Qg2 24. Ne2 Rg4 25. b4 Rh4 26. Nc3 Rh2 27. Qd3 Nxd2 28. Rd1 Nxf1 29. Qxf1 Qg3+ 30. Qf2 Qxf2# 0-1

[Event "MGL-ch (Women)"]
[Site "Ulaanbaatar"]
[Date "2023.05.23"]
[Round "4"]
[White "Margadgua, Erdenebayar"]
[Black "Bayasgalan, Khishigbaatar"]
[Result "1-0"]
[WhiteElo "1934"]
[BlackElo "1811"]
[PlyCount "43"]
[EventDate "2023.05.20"]
[EventType "tourn"]
[EventRounds "11"]
[EventCountry "MGL"]
[SourceTitle "CBM 214 Extra"]
[Source "ChessBase"]
[SourceDate "2023.07.31"]
[SourceVersion "1"]
[SourceVersionDate "2023.07.31"]
[SourceQuality "1"]

1. e4 c5 2. Nc3 Nc6 3. f4 g6 4. Nf3 Bg7 5. Bb5 Nd4 6. Nxd4 cxd4 7. Ne2 a6 8. Ba4 b5 9. Bb3 Bb7 10. d3 e6 11. 0-0 Ne7 12. Ng3 h5 13. f5 h4 14. fxe6 hxg3 15. Rxf7 dxe6 16. Rxg7 gxh2+ 17. Kh1 Qd6 18. Qg4 Qe5 19. Rxe7+ Kxe7 20. Bf4 Qc5 21. Qxe6+ Kd8 22. Qf6+ 1-0

[Event "Asia zt 3.3 (Women)"]
[Site "Jakarta"]
[Date "2023.05.09"]
[Round "5"]
[White "Margadgua, Erdenebayar"]
[Black "Sihite, Chelsie Monica"]
[Result "0-1"]
[WhiteElo "1934"]
[BlackElo "2266"]
[PlyCount "144"]
[EventDate "2023.05.06"]
[EventType "swiss"]
[EventRounds "9"]
[EventCountry "INA"]
[SourceTitle "CBM 214 Extra"]
[Source "ChessBase"]
[SourceDate "2023.07.31"]
[SourceVersion "1"]
[SourceVersionDate "2023.07.31"]
[SourceQuality "1"]

1. e4 e5 2. Nf3 Nc6 3. d4 exd4 4. Nxd4 Bc5 5. Nb3 Bb4+ 6. c3 Be7 7. Bf4 d6 8. N1d2 Nf6 9. Be2 Ne5 10. h3 h6 11. Qc2 Ng6 12. Bg3 0-0 13. 0-0 a5 14. Nd4 Re8 15. Rac1 Nd7 16. Nf5 Bf6 17. f4 Nc5 18. Bg4 a4 19. Ne3 Bd7 20. Bxd7 Nxd7 21. Ng4 Bh4 22. Bxh4 Qxh4 23. Nf3 Qd8 24. Nd4 h5 25. Ne3 Nc5 26. Nef5 Ne6 27. Nxe6 fxe6 28. Ne3 e5 29. f5 Nf4 30. Kh2 h4 31. Qd1 Qg5 32. Qg4 Qxg4 33. hxg4 Ra5 34. Rcd1 Kf7 35. Rf2 Kf6 36. Rfd2 Kg5 37. c4 g6 38. Kg1 gxf5 39. gxf5 Nh5 40. Nd5 Rc5 41. b3 axb3 42. axb3 Ra8 43. Rf2 Nf6 44. Nxf6 Kxf6 45. Kh2 b5 46. cxb5 Rxb5 47. Rf3 Rb4 48. Rc3 Ra7 49. Re1 Rab7 50. Ree3 Rd4 51. g3 hxg3+ 52. Kxg3 c5 53. Kf2 Rh7 54. Rcd3 Rh4 55. Rxd4 exd4 56. Re1 Rh3 57. Rg1 Rxb3 58. Rg6+ Ke7 59. Re6+ Kd7 60. e5 dxe5 61. Rxe5 Kd6 62. Re8 Rb7 63. Kf3 Re7 64. Rd8+ Kc7 65. Ra8 Re3+ 66. Kf4 Re1 67. Ra3 Kd6 68. Rf3 c4 69. f6 Ke6 70. Kg3 Kf7 71. Rf4 d3 72. Rd4 c3 0-1

[Event "Asia zt 3.3 (Women)"]
[Site "Jakarta"]
[Date "2023.05.07"]
[Round "2"]
[White "Margadgua, Erdenebayar"]
[Black "Foudzi, Sitii Zulaikha"]
[Result "1-0"]
[WhiteElo "1934"]
[BlackElo "2136"]
[PlyCount "89"]
[EventDate "2023.05.06"]
[EventType "swiss"]
[EventRounds "9"]
[EventCountry "INA"]
[SourceTitle "CBM 214 Extra"]
[Source "ChessBase"]
[SourceDate "2023.07.31"]
[SourceVersion "1"]
[SourceVersionDate "2023.07.31"]
[SourceQuality "1"]

1. e4 g6 2. Nc3 Bg7 3. Bc4 d6 4. f4 Nc6 5. Nf3 a6 6. a4 Nf6 7. 0-0 0-0 8. d3 e6 9. Ba2 Nb4 10. Bd2 c5 11. Bb3 Nc6 12. Qe1 Rb8 13. Qh4 d5 14. e5 Nd7 15. Qh3 b5 16. axb5 axb5 17. Ng5 h6 18. Nxe6 fxe6 19. Qxe6+ Kh7 20. Qxc6 c4 21. Ba2 Bb7 22. Qe6 Nc5 23. Qh3 b4 24. Ne2 b3 25. Bb1 cxd3 26. cxd3 d4 27. Ra5 Bc8 28. Qf3 Ne6 29. Rd5 Qb6 30. Rd6 Qa7 31. Qc6 Qf7 32. Qd5 Qf5 33. Nxd4 Nxd4 34. Qxd4 Bb7 35. h3 Rbe8 36. Rc1 Qh5 37. Qe3 Rd8 38. Rxd8 Rxd8 39. d4 Bd5 40. Be4 Qh4 41. Rc7 Bxe4 42. Qxe4 Rb8 43. Bc3 Qd8 44. Qc6 Ra8 45. Qd7 1-0

[Event "Asia zt 3.3 (Women)"]
[Site "Jakarta"]
[Date "2023.05.06"]
[Round "1"]
[White "Enkhtuul, Altanulzii"]
[Black "Margadgua, Erdenebayar"]
[Result "1-0"]
[WhiteElo "2254"]
[BlackElo "1934"]
[PlyCount "147"]
[EventDate "2023.05.06"]
[EventType "swiss"]
[EventRounds "9"]
[EventCountry "INA"]
[SourceTitle "CBM 214 Extra"]
[Source "ChessBase"]
[SourceDate "2023.07.31"]
[SourceVersion "1"]
[SourceVersionDate "2023.07.31"]
[SourceQuality "1"]

1. d4 d5 2. Nc3 Nf6 3. Bf4 Bf5 4. f3 e6 5. g4 Bg6 6. h4 h6 7. e3 Bd6 8. h5 Bh7 9. Bd3 Bxd3 10. Qxd3 Bxf4 11. exf4 Qd6 12. Nge2 Nc6 13. a3 a6 14. Na4 Nd7 15. Qc3 Na7 16. Qe3 Nc6 17. b3 b5 18. Nb2 Ne7 19. Nd3 Nc6 20. Qd2 f6 21. a4 b4 22. 0-0-0 0-0-0 23. Nb2 Rhf8 24. Rhf1 Kb7 25. Kb1 Rde8 26. c4 bxc3 27. Qxc3 Qb4 28. Qc2 Qb6 29. Rc1 Rc8 30. Qc3 Nb4 31. Nd3 Nxd3 32. Qxd3 c5 33. Ka2 Ka7 34. Rfd1 Qb4 35. f5 c4 36. Qc3 Qxb3+ 37. Qxb3 cxb3+ 38. Kxb3 exf5 39. gxf5 Rb8+ 40. Ka2 Rb7 41. Nf4 Nb6 42. a5 Nc4 43. Nxd5 Rb5 44. Rxc4 Rxa5+ 45. Kb3 Rxd5 46. Rc5 Rd7 47. Kc4 Re8 48. Ra1 Re2 49. Kd3 Rh2 50. Rc6 Rxh5 51. Rcxa6+ Kb7 52. Ra7+ Kc8 53. Ra8+ Kc7 54. R1a5 Rh4 55. Rc5+ Kd6 56. Re8 Re7 57. Rd8+ Rd7 58. Rd5+ Kxd5 59. Rxd7+ Kc6 60. Rxg7 Rf4 61. Ke3 Rxf5 62. Ke4 Rg5 63. Rf7 Rg6 64. Kf5 Rg5+ 65. Kxf6 Rd5 66. f4 Rxd4 67. f5 h5 68. Rh7 h4 69. Kg5 Kd6 70. f6 Ke6 71. Re7+ Kd6 72. Re8 Rd5+ 73. Kg6 Kd7 74. f7 1-0

[Event "Sharjah Cup (Women) 12th"]
[Site "Sharjah"]
[Date "2022.12.15"]
[Round "8"]
[White "Margadgua, Erdenebayar"]
[Black "Zabrzanska, Weronika"]
[Result "0-1"]
[WhiteElo "1720"]
[BlackElo "2021"]
[PlyCount "46"]
[EventDate "2022.12.09"]
[EventType "swiss"]
[EventRounds "9"]
[EventCountry "UAE"]
[SourceTitle "CBM 211 Extra"]
[Source "ChessBase"]
[SourceDate "2023.01.31"]
[SourceVersion "1"]
[SourceVersionDate "2023.01.31"]
[SourceQuality "1"]

1. e4 e5 2. Nf3 Nc6 3. Bb5 a6 4. Ba4 Nf6 5. 0-0 b5 6. Bb3 Bc5 7. a4 Bb7 8. d3 d6 9. c3 0-0 10. Nbd2 Bb6 11. h3 Ne7 12. Re1 Ng6 13. Nf1 d5 14. exd5 Nxd5 15. Bg5 Nxc3 16. Qc2 Qd7 17. bxc3 Bxf3 18. axb5 Qf5 19. Be3 Bxg2 20. Kxg2 Nh4+ 21. Kg3 Bxe3 22. Kh2 Qf4+ 23. Ng3 Bxf2 0-1

[Event "Sharjah Cup (Women) 12th"]
[Site "Sharjah"]
[Date "2022.12.11"]
[Round "4"]
[White "Benderac, Ana"]
[Black "Margadgua, Erdenebayar"]
[Result "1-0"]
[WhiteElo "2133"]
[BlackElo "1720"]
[PlyCount "124"]
[EventDate "2022.12.09"]
[EventType "swiss"]
[EventRounds "9"]
[EventCountry "UAE"]
[SourceTitle "CBM 211 Extra"]
[Source "ChessBase"]
[SourceDate "2023.01.31"]
[SourceVersion "1"]
[SourceVersionDate "2023.01.31"]
[SourceQuality "1"]

1. d4 Nf6 2. Nf3 c5 3. e3 g6 4. Nbd2 Bg7 5. c3 cxd4 6. cxd4 d5 7. Bd3 0-0 8. b4 a6 9. a4 Bg4 10. Qb3 Nbd7 11. Bb2 Bxf3 12. Nxf3 Rc8 13. a5 Ra8 14. 0-0 b6 15. b5 axb5 16. a6 Ra7 17. Qxb5 Qa8 18. Rfc1 Ne4 19. Ba3 Re8 20. Rc6 Rxa6 21. Qxa6 Qxc6 22. Bb5 Qe6 23. Qa7 Nef6 24. Ne5 Nxe5 25. Bxe8 Nc4 26. Qb8 Bf8 27. Bb5 h5 28. Bb4 Kg7 29. Ra8 Nh7 30. Bxc4 dxc4 31. Qe5+ Qxe5 32. dxe5 e6 33. Bd6 f6 34. Rb8 g5 35. Rxb6 Kg6 36. Rc6 Bg7 37. exf6 Nxf6 38. Rxc4 Ng4 39. h3 Nh6 40. Bb4 Nf7 41. Rc6 Nd8 42. Rd6 Bf6 43. e4 e5 44. Bc3 Nf7 45. Ra6 g4 46. f4 gxf3 47. gxf3 Ng5 48. Kg2 Kf7 49. h4 Ne6 50. Ra7+ Kg8 51. Kg3 Nf4 52. Bd2 Ne2+ 53. Kf2 Nd4 54. Bg5 Bg7 55. Ke3 Ne6 56. Kd3 Nc5+ 57. Kc4 Ne6 58. Kd5 Nd4 59. f4 exf4 60. Bxf4 Nf3 61. Bg5 Ne5 62. Rxg7+ Kxg7 1-0

[Event "Sharjah Cup (Women) 12th"]
[Site "Sharjah"]
[Date "2022.12.10"]
[Round "2"]
[White "Alavi, Homa"]
[Black "Margadgua, Erdenebayar"]
[Result "1/2-1/2"]
[WhiteElo "2074"]
[BlackElo "1720"]
[PlyCount "64"]
[EventDate "2022.12.09"]
[EventType "swiss"]
[EventRounds "9"]
[EventCountry "UAE"]
[SourceTitle "CBM 211 Extra"]
[Source "ChessBase"]
[SourceDate "2023.01.31"]
[SourceVersion "1"]
[SourceVersionDate "2023.01.31"]
[SourceQuality "1"]

1. d4 Nf6 2. Nc3 d5 3. Bg5 g6 4. Bxf6 exf6 5. e3 c6 6. Bd3 Bd6 7. Qd2 f5 8. Nge2 Nd7 9. 0-0-0 b5 10. Rde1 b4 11. Nd1 a5 12. f3 Nf6 13. Ng3 0-0 14. e4 fxe4 15. fxe4 dxe4 16. Nxe4 Nxe4 17. Rxe4 Bf5 18. Re2 Bg4 19. Rf2 Bxd1 20. Qxd1 Qh4 21. Re2 Qxd4 22. Re4 Qg7 23. Rhe1 a4 24. Bc4 a3 25. Qd4 axb2+ 26. Kb1 Bxh2 27. Qxg7+ Kxg7 28. Re7 Bd6 29. Rb7 Rab8 30. Rd7 Rbd8 31. Rb7 Rb8 32. Rd7 Rbd8 1/2-1/2